000
00296nam a22001337a 4500
008
171018b xxu||||| |||| 00| 0 eng d
020
_a
9780393924961
041
_a
eng
080
_2
6 ED
_a
338
100
_a
53
101
_a
MEN
245
_a
MANAGMENT ECONOMICS
_c
ALLEN.W.B
942
_2
udc
_c
BK
999
_c
34592
_d
34592